Rozširovanie vývozu

Rusko - obchodný partner Slovenska. Vývoj zahraničného obchodu medzi Slovenskou republikou a Ruskou federáciou je charakterizovaný vysokým objemom dovozu, ktorého podiel na dovoze SR tvorí 17 perc. Znižovanie pasívneho salda v zahraničnom obchode s RF je strategickým cieľom SR. Budovanie zmluvno-prá...

Ausführliche Beschreibung

Gespeichert in:
Bibliographische Detailangaben
1. Verfasser: Šucha, Jozef
Format: Buchkapitel
Sprache:Slowakisch
Schlagworte:
Tags: Tag hinzufügen
Keine Tags, Fügen Sie das erste Tag hinzu!

MARC

LEADER 00000naa a2200000 4500
001 r021197
005 20230825075447.0
041 0 |a slo 
044 |a SK 
245 1 0 |a Rozširovanie vývozu  |c Jozef Šucha 
520 |a Rusko - obchodný partner Slovenska. Vývoj zahraničného obchodu medzi Slovenskou republikou a Ruskou federáciou je charakterizovaný vysokým objemom dovozu, ktorého podiel na dovoze SR tvorí 17 perc. Znižovanie pasívneho salda v zahraničnom obchode s RF je strategickým cieľom SR. Budovanie zmluvno-právnej základne s RF, ktorá je predpokladom dobrej obchodno-hospodárskej spolupráce. Rozvoj regionálnej spolupráce. Príprava realizácie projektu "Bratislavská ulica", ktorý predpokladá poskytnutie nebytových priestorov pre slovenských podnikateľov. 
610 2 0 |a obchod zahraničný 
610 2 0 |a styk zahraničnoobchodný 
610 2 0 |a dovoz 
610 2 0 |a vývoz 
610 2 0 |a Rusko 
610 2 0 |a Slovensko 
610 2 0 |a spolupráca hospodárska medzinárodná 
100 1 |a Šucha, Jozef